| 000 | 00608nam a2200169 a 4500 | ||
|---|---|---|---|
| 001 | 000048673 | ||
| 005 | 20201002061323.0 | ||
| 008 | 190408s2016 dr a 000 0 spa d | ||
| 040 |
_aDO-SdBNP _bspa _cBNPHU |
||
| 082 |
_axx _bxx |
||
| 245 | 0 | 0 |
_aManual interamericano de dispositivos para el control del tránsito en calles y carreteras / _cprólogo Nelson Peguero Paredes. |
| 260 |
_aSanto Domingo : _bCentro del Autovilista, _c2016. |
||
| 300 |
_a387 p. ; _c28 cm. |
||
| 590 | _aInventariado, 2019/VM | ||
| 700 | 1 |
_aPeguero Paredes, Nelson _976114 |
|
| 710 | 2 |
_aPolicia Nacional (República Dominicana) _976115 |
|
| 999 |
_c48161 _d48161 |
||